LEADER 01174cam2 2200253 450 001 E600200051760 005 20200915081905.0 100 $a20090720d2009 |||||ita|0103 ba 101 $aita 102 $aIT 200 1 $a<<3: >>Concordato preventivo. Accordi di ristrutturazione. Liquidazione coatta amministrativa. Amministrazione straordinaria. Profili internazionali. Disciplina penale, fiscale e transitoria$f[Pasquale Brenca et al.] 210 $aTorino$cUTET giuridica$dc2009 215 $aXII, 1573-2227 p.$d25 cm 461 1$1001E600200051729$12000 $aFallimento e altre procedure concorsuali 702 1$aBrenca, Pasquale$3A600200056005$4070 801 0$aIT$bUNISOB$c20200915$gRICA 850 $aUNISOB 852 $aUNISOB$j340$m145740 912 $aE600200051760 940 $aM 102 Monografia moderna SBN 941 $aM 957 $a340$b007138$i-3$gSI$d145740$racquisto$1bethb$2UNISOB$3UNISOB$420200915081828.0$520200915081905.0$6bethb 996 $aConcordato preventivo, accordi di ristrutturazione, liquidazione coatta amministrativa, amministrazione straordinaria, profili internazionali, disciplina penale, fiscale e transitoria$9942344 997 $aUNISOB